| 000 | 02221cam a22003851i 4500 | ||
|---|---|---|---|
| 003 | SA-RiAUC | ||
| 005 | 20250410074906.0 | ||
| 008 | 250409s2000 su f 000 0 ara c | ||
| 040 |
_aSA-JeALM _bara _cSA-RiAUC _erda |
||
| 043 | _aa-su--- | ||
| 050 | 4 | _b.G43 2000 | |
| 082 | 0 | 4 |
_a344.53104121 _qSA-RiAUC |
| 090 |
_a344.53104121 _b غ ا م |
||
| 100 | 1 |
_aالغامدي، عبد الله بن سالم _eمؤلف. |
|
| 245 | 1 | 0 |
_aمسؤولية الطبيب المهنية : _bدراسة تأصيلية مقارنة بين الشريعة الإسلامية والقوانين المعاصرة مع دراسة معمقة للنظام السعودي / _cعبد الله بن سالم الغامدي. |
| 246 | 3 |
_aمسئولية الطبيب المهنية : _bدراسة تأصيلية مقارنة بين الشريعة الإسلامية والقوانين المعاصرة مع دراسة معمقة للنظام السعودي |
|
| 250 | _aالطبعة الأولى. | ||
| 264 | 1 |
_aجدة، السعودية : _bدار الأندلس الخضراء، _c1997 |
|
| 300 |
_a425 صفحة ؛ _c24 سم. |
||
| 336 |
_aنص _btxt _2rdacontent _3كتاب |
||
| 337 |
_aبدون وسيط _bn _2rdamedia |
||
| 338 |
_aمجلد _bnc _2rdacarrier |
||
| 490 | 1 |
_aإصدارات دارة الملك عبد العزيز. _aالرسائل الجامعية ؛ _v7 |
|
| 500 | _aالأصل أطروحة ماجستير. | ||
| 650 | 7 |
_aالمسئولية الجنائية للأطباء _zالسعودية _2aucsh |
|
| 650 | 7 |
_aالمسئولية المدنية للأطباء _zالسعودية _2aucsh |
|
| 650 | 7 |
_aالمسئولية الجنائية للأطباء (فقه إسلامي) _2aucsh |
|
| 650 | 7 |
_aالمسئولية المدنية للأطباء (فقه إسلامي) _2aucsh |
|
| 650 | 7 |
_aالأطباء _xوضع قانوني، قوانين، إلخ. _zالسعودية _2aucsh |
|
| 650 | 7 |
_aالطب _xقوانين وتشريعات _zالسعودية _2aucsh |
|
| 653 | _aالعلوم الاجتماعية | ||
| 830 | 0 |
_aإصدارات دارة الملك عبد العزيز. _pسلسلة الرسائل الجامعية _v7 |
|
| 942 |
_2ddc _cBOOK _n0 |
||
| 949 |
_aSA-JeALM _d250409 _umohamedma123 _n1 |
||
| 999 |
_c6841 _d6841 |
||